Szczegóły MARC21

Metodologia badań nad turystyką : podstawy ontologiczne i epistemologiczne oraz rozwój historyczno-instytucjonalny /

003 -Nazwa inst., której nr kontr. jest w polu 001 [,]
    • @
    • Nazwa instytucji, której n kontrolny jest w polu 001
    • NUKAT
005 -DATA I CZAS OSTATNIEJ MODYFIKACJI [,]
    • @
    • pole kontrolne
    • 20241231095021.0
020 -Międzynarod. znormalizowany nr książki - ISBN [ , ]
    • a
    • Numer ISBN
    • 9788320824230 Find
040 -Instytucja sporządzająca opis [ , ]
    • a
    • Instytucja, która sporządziła opis (NP)
    • KAT U/44UI
    • b
    • Język katalogowania
    • pol
    • e
    • Zasady katalogowania
    • rda
    • c
    • Instytucja, która sporządziła rekord (NP)
    • KAT U/44UIs
    • d
    • Instytucja, która zmodyfikowała rekord (P)
    • KAT U/44UI
    • d
    • Instytucja, która zmodyfikowała rekord (P)
    • WR U/da
    • d
    • Instytucja, która zmodyfikowała rekord (P)
    • WA 14/MBs
    • d
    • Instytucja, która zmodyfikowała rekord (P)
    • SZCZ U/AP
041 -Język dokumentu [1, ]
    • a
    • Język tekstu (P)
    • polski
    • b
    • Język streszczeń lub abstraktu (P)
    • angielski
    • h
    • Język tekstu oryginalnego i/lub pośredniego (P)
    • angielski
942 -Rodzaj dokumentu [ , ]
    • c
    • Rodzaj dokumentu
    • Książka
100 -Hasło główne - nazwa osobowa [1, ]
    • a
    • Nazwa osobowa (NP)
    • Butowski, Leszek
    • d
    • Daty biograficzne (NP)
    • (1965- ).
    • e
    • Rodzaj współpracy
    • Autor
    • 9
    • KHW
    • 1719
245 -Strefa tytułu i oznaczenia odpowiedzialności [1,0]
    • a
    • Tytuł
    • Metodologia badań nad turystyką : Find
    • b
    • Ciąg dalszy tytułu (NP)
    • podstawy ontologiczne i epistemologiczne oraz rozwój historyczno-instytucjonalny / Find
    • c
    • Pozostałe elementy strefy tytułu i oznaczenia odpowiedzialności (NP)
    • Leszek Butowski ; tłumaczenie tekstu angielskiego Stanisław Butowski.
260 -Strefa adresu wydawniczego [ , ]
    • a
    • Miejsce wydania (P)
    • Warszawa :
    • b
    • Nazwa wydawcy (P)
    • Polskie Wydawnictwo Ekonomiczne,
    • c
    • Data wydania (P)
    • 2020.
300 -Strefa opisu fizycznego [ , ]
    • a
    • Określenie formy książki i/lub objętość (NP)
    • 145 stron :
    • b
    • Oznaczenie ilustracji (NP)
    • ilustracje ;
    • c
    • Format (NP)
    • 24 cm.
336 -Typ zawartości [ , ]
    • a
    • Termin opisujący typ zawartości
    • Tekst
    • b
    • Kod określający zawartość
    • txt
    • 2
    • Źródło (terminu i kodu)
    • rdacontent
337 -Typ mediów [ , ]
    • a
    • Tryb odtwarzania
    • Bez urządzenia pośredniczącego
    • b
    • Kod typu mediów
    • n
    • 2
    • Źródło (terminu i kodu)
    • rdamedia
338 -Typ/rodzaj nośnika [ , ]
    • a
    • Hasło opisujące typ nośnika
    • Wolumin
    • b
    • Kod typu nośnika
    • nc
    • 2
    • Źródło (terminu i kodu)
    • rdacarrier
380 -Deskryptor - Forma dzieła (P) [ , ]
    • a
    • forma dzieła (NP)
    • Książki
380 -Deskryptor - Forma dzieła (P) [ , ]
    • a
    • forma dzieła (NP)
    • Publikacje naukowe
388 -Deskryptor - czas powstania dzieła (P) [1, ]
    • a
    • Czas powstania dzieła (NP)
    • 2001-
504 -Uwaga dot. bibliogr. załącznikowej [ , ]
    • a
    • Uwaga dot. bibliografii załącznikowej
    • Bibliografia na stronach 125-145.
536 -Uwaga dot. finansowania książki [ , ]
    • a
    • Tekst uwagi
    • Publikacja dofinansowana przez Wydział Nauk Geograficznych Uniwersytetu Łódzkiego
546 -Uwaga dot. języka [ , ]
    • a
    • Uwaga dot. języka
    • Tekst częściowo tłumaczony z języka angielskiego. Streszczenie w języku angielskim.
650 -Hasło przedmiotowe [ ,7]
    • a
    • Hasło przedmiotowe
    • Turystyka
    • x
    • Określnik rzeczowy
    • badania
    • x
    • Określnik rzeczowy
    • metodologia.
    • 2
    • Źródło terminu
    • kaba
    • 9
    • KHW
    • 380983
650 -Hasło przedmiotowe [ ,7]
    • a
    • Hasło przedmiotowe
    • Ontologia
    • 2
    • Źródło terminu
    • DBN
    • 9
    • KHW
    • 727958
650 -Hasło przedmiotowe [ ,7]
    • a
    • Hasło przedmiotowe
    • Teoria poznania
    • 2
    • Źródło terminu
    • DBN
    • 9
    • KHW
    • 723083
650 -Hasło przedmiotowe [ ,7]
    • a
    • Hasło przedmiotowe
    • Turystyka
    • 2
    • Źródło terminu
    • DBN
    • 9
    • KHW
    • 726818
655 -Hasło w funkcji tematu formalnego [ ,7]
    • a
    • Hasło
    • Opracowanie
    • 2
    • Źródło terminu
    • DBN
    • 9
    • KHW
    • 721206
658 -Ujęcie treści [ , ]
    • a
    • dziedzina nauki i sztuki/ sfera aktywności życiowej
    • Podróże i turystyka
700 -Hasło dodatkowe - nazwa osobowa [1, ]
    • a
    • Nazwa osobowa (NP)
    • Butowski, Stanisław Find
    • d
    • Daty biograficzne (NP)
    • (1990- ).
    • e
    • Określenie rodzaju współpracy
    • Tłumaczenie
    • 9
    • KHW
    • 595149
710 -Hasło dodatkowe - nazwa ciała zbiorowego [2, ]
    • a
    • Nazwa ciała zbiorowego lub nazwa geograficzna jako pierwszy element (NP)
    • Polskie Wydawnictwo Ekonomiczne.
    • e
    • Rodzaj współpracy
    • Wydawca
    • 4
    • Kod relacji
    • pbl
    • 9
    • KHW
    • 50784
920 -ISBN [ , ]
    • a
    • ISBN
    • 978-83-208-2423-0 Find
Data inwentaryzacji Sygnatura Lokalizacja Status udost. Numer inwentarzowy
2022-03-14 BE-2E.80734
2022-03-14 BE-2S.97688
2021-04-30 BG1Z.124709
2021-04-30 BG-3WM.26131
2021-04-30Podstawy turystyki 21BM1WF.10784